| 000 | 00517nam a2200157 a 4500 | ||
|---|---|---|---|
| 001 | 000030388 | ||
| 005 | 20200930062303.0 | ||
| 008 | 110516s1956 dr 000 0 spa d | ||
| 040 |
_aDO-SdBNP _bspa _cBNPHU |
||
| 082 |
_axxx _bP645P |
||
| 100 | 1 |
_aPaíno Pichardo, Rafael _956155 |
|
| 245 | 1 | 0 |
_aPlinio B. Pina Chevalier : _bsemblanza de un caballero / _cRafael Paíno Pichardo. |
| 260 |
_aCiudad Trujillo, República Dominicana : _bEditora Montalvo, _c1956. |
||
| 300 |
_a31 p. : _bil., retr. ; _c23 cm. |
||
| 049 | _aBNPD | ||
| 999 |
_c29880 _d29880 |
||